Introduction to engineering design and problem solving / (Record no. 139193)

MARC details
000 -LEADER
fixed length control field 00979nam a2200277 a 4500
003 - CONTROL NUMBER IDENTIFIER
control field OSt
005 - DATE AND TIME OF LATEST TRANSACTION
control field 20251110110704.0
008 - FIXED-LENGTH DATA ELEMENTS--GENERAL INFORMATION
fixed length control field
020 ## - INTERNATIONAL STANDARD BOOK NUMBER
International Standard Book Number 9780072402216 (paperback)
040 ## - CATALOGING SOURCE
Transcribing agency NUST
Original cataloging agency NUST
Language of cataloging eng
Modifying agency NUST
Description conventions rda
100 ## - MAIN ENTRY--PERSONAL NAME
Personal name Arvid R. Eide
Relator term author
245 10 - TITLE STATEMENT
Title Introduction to engineering design and problem solving /
Statement of responsibility, etc. Arvid R. Eide... [et al.]
250 ## - EDITION STATEMENT
Edition statement Second edition
260 ## - PUBLICATION, DISTRIBUTION, ETC.
Place of publication, distribution, etc. Boston :
Name of publisher, distributor, etc. Mc-Graw Hill,
Date of publication, distribution, etc. ©2002.
300 ## - PHYSICAL DESCRIPTION
Extent x, 230 pages :
Other physical details illustrations.(some col). ;
Dimensions 24 cm.
336 ## - CONTENT TYPE
Source rdacontent
Content type term text
Content type code txt
337 ## - MEDIA TYPE
Source rdamedia
Media type term unmediated
Media type code n
338 ## - CARRIER TYPE
Source rdacarrier
Carrier type term volume
Carrier type code nc
504 ## - BIBLIOGRAPHY, ETC. NOTE
Bibliography, etc. note Includes bibliographical references.
650 ## - SUBJECT ADDED ENTRY--TOPICAL TERM
Topical term or geographic name entry element Engineering mathematics.
700 ## - ADDED ENTRY--PERSONAL NAME
Personal name Eide, Arvid R.
Relator term author
700 ## - ADDED ENTRY--PERSONAL NAME
Personal name Roland D.Jenison
Relator term author
700 ## - ADDED ENTRY--PERSONAL NAME
Personal name Lasne H.Mashaw
Relator term author
700 ## - ADDED ENTRY--PERSONAL NAME
Personal name Larry L.Northup
Relator term author
942 ## - ADDED ENTRY ELEMENTS (KOHA)
Koha item type Ordinary Loan Books
Call number prefix TA330
Call number suffix INT
Source of classification or shelving scheme Library of Congress Classification
Edition Second Edition
Classification part TA330 INT
Suppress in OPAC No
Holdings
Withdrawn status Lost status Source of classification or shelving scheme Damaged status Not for loan Collection Home library Current library Shelving location Date acquired Source of acquisition Cost, normal purchase price Total Checkouts Full call number Barcode Date last seen Accession number Cost, replacement price Price effective from Koha item type Public note
    LCC   1 NFIC MAIN MAIN GEN 11/10/2025 Book Aid International 80.00   TA330 EID 92004018823 01/23/2023 39743 80.00 01/23/2023 BOOKS Donation
    LCC   1 NFIC MAIN MAIN GEN 11/10/2025 Book Aid International 80.00   TA330 EID 92004018396 11/10/2025 39906 80.00 01/23/2023 BOOKS Donation
    LCC   1 NFIC MAIN MAIN GEN 11/10/2025 Book Aid International 80.00   TA330 EID 92004018453 11/10/2025 39885 80.00 01/23/2023 BOOKS Donation
    LCC   1 NFIC MAIN MAIN GEN 11/10/2025 Book Aid International 80.00   TA330 EID 92004018839 11/10/2025 39746 80.00 01/23/2023 BOOKS Donation
    LCC   1 NFIC MAIN MAIN GEN 11/10/2025 Book Aid International 80.00   TA330 EID 92004018826 11/10/2025 39739 80.00 01/23/2023 BOOKS Donation
    LCC   1 NFIC MAIN MAIN GEN 11/10/2025 Book Aid International 80.00   TA330 EID 92004018825 11/10/2025 39744 80.00 01/23/2023 BOOKS Donation
    LCC   1 NFIC MAIN MAIN GEN 11/10/2025 Book Aid International 80.00   TA330 EID 92004018834 11/10/2025 39749 80.00 01/23/2023 BOOKS Donation
    LCC   1 NFIC MAIN MAIN GEN 11/10/2025 Book Aid International 80.00   TA330 EID 92004018363 11/10/2025 39884 80.00 01/23/2023 BOOKS Donation
    LCC   1 NFIC MAIN MAIN GEN 11/10/2025 Book Aid International 80.00   TA330 EID 92004018822 11/10/2025 39745 80.00 01/23/2023 BOOKS Donation
    LCC   1 NFIC MAIN MAIN GEN 11/10/2025 Book Aid International 80.00   TA330 EID 92004018817 11/10/2025 39752 80.00 01/23/2023 BOOKS Donation
    LCC   1 NFIC MAIN MAIN GEN 11/10/2025 Book Aid International 80.00   TA330 EID 92004018842 11/10/2025 39741 80.00 01/23/2023 BOOKS Donation
    LCC   1 NFIC MAIN MAIN GEN 11/10/2025 Book Aid International 80.00   TA330 EID 92004018379 11/10/2025 39903 80.00 01/23/2023 BOOKS Donation
    LCC   1 NFIC MAIN MAIN GEN 11/10/2025 Book Aid International 80.00   TA330 EID 92004018456 11/10/2025 39913 80.00 01/23/2023 BOOKS Donation
    LCC   1 NFIC MAIN MAIN GEN 11/10/2025 Book Aid International 80.00   TA330 EID 92004018394 11/10/2025 39908 80.00 01/23/2023 BOOKS Donation
    LCC   1 NFIC MAIN MAIN GEN 11/10/2025 Book Aid International 80.00   TA330 EID 92004018398 11/10/2025 39912 80.00 01/23/2023 BOOKS Donation
    LCC   1 NFIC MAIN MAIN GEN 11/10/2025 Book Aid International 80.00   TA330 EID 92004018393 11/10/2025 39911 80.00 01/23/2023 BOOKS Donation
    LCC   1 NFIC MAIN MAIN GEN 11/10/2025 Book Aid International 80.00   TA330 EID 92004018840 11/10/2025 39742 80.00 01/23/2023 BOOKS Donation
    LCC   1 NFIC MAIN MAIN GEN 11/10/2025 Book Aid International 80.00   TA330 EID 92004018832 11/10/2025 39740 80.00 01/23/2023 BOOKS Donation
    LCC   1 NFIC MAIN MAIN GEN 11/10/2025 Book Aid International 80.00   TA330 EID 92004018833 11/10/2025 39738 80.00 01/23/2023 BOOKS Donation
    LCC   1 NFIC MAIN MAIN GEN 11/10/2025 Book Aid International 80.00   TA330 EID 92004018827 11/10/2025 39747 80.00 01/23/2023 BOOKS Donation
    LCC   1 NFIC MAIN MAIN GEN 11/10/2025 Book Aid International 80.00   TA330 EID 92004018829 11/10/2025 39748 80.00 01/23/2023 BOOKS Donation
    LCC   1 NFIC MAIN MAIN GEN 11/10/2025 Book Aid International 80.00   TA330 EID 92004018821 11/10/2025 39753 80.00 01/23/2023 BOOKS Donation
    LCC   1 NFIC MAIN MAIN GEN 11/10/2025 Book Aid International 80.00   TA330 EID 92004018847 11/10/2025 39750 80.00 01/23/2023 BOOKS Donation
    LCC   1 NFIC MAIN MAIN GEN 11/10/2025 Book Aid International 80.00   TA330 EID 92004018469 11/10/2025 39881 80.00 01/23/2023 BOOKS Donation
    LCC   1 NFIC MAIN MAIN GEN 11/10/2025 Book Aid International 80.00   TA330 EID 92004018421 11/10/2025 40712 80.00 01/23/2023 BOOKS Donation
    LCC   1 NFIC MAIN MAIN GEN 11/19/2025 Book Aid International 80.00   TA330 EID 92004018373 11/19/2025 42359 80.00 11/19/2025 BOOKS Donation
    LCC   1 NFIC MAIN MAIN GEN 11/19/2025 Book Aid International 80.00   TA330 EID 92004018818 11/19/2025 39757 80.00 11/19/2025 BOOKS Donation